Quiz about Chess - Statistics

General Stats
  • This quiz has been taken 57 times
  • The average score is 3 of 6
Answer Stats
Question Answer % Correct
How much points is the queen worth 9
100%
What is the checkmate symbol? #
83%
What country was Chess invented in? India
67%
How many pieces on the chess board for both sides are there when you start a game? 32
50%
How much points are both sides pieces worth . ( Not including Kings) 78
17%
When does the middlegame start? When one side conected their rooks
0%
No matching quizzes found
Score Distribution
Percent of People with Each Score
Percentile by Number Answered
Your Score History
You have not taken this quiz